Wiederherstellung eines verlorenen Archivs - das Beispiel des Stadtarchivs Königsberg in Preußen
| Titel: | Wiederherstellung eines verlorenen Archivs - das Beispiel des Stadtarchivs Königsberg in Preußen |
|---|---|
| Verfasser: | |
| In: |
Archivalische Zeitschrift, Band 87 (2005), Seite 185-196 alle Artikel anzeigen |
| Veröffentlicht: | 2005 |
| Format: | Aufsatz |
| Sprache: | Deutsch |
X
alg: 39166251 001A $01999:11-11-16 001B $01999:29-03-21 $t21:45:56.000 001C $06050:19-11-16 $t08:46:13.000 001D $01999:11-11-16 001U $0utf8 001X $00 002@ $0Aox 003@ $0391662511 007A $0391662511 $aHEB 007T $0Herdc0000118m 007T $0ArchMa09985 010@ $ager 011@ $a2005 021A $aWiederherstellung eines verlorenen Archivs - das Beispiel des Stadtarchivs Königsberg in Preußen 028A $aHeckmann $dDieter 031A $d87 $h185-196 $j2005 039B $aIn $8--Abvc--. Archivalische Zeitschrift. - Köln : Böhlau, 1876-. - ISSN 0003-9497 $x200500000870000815 $9047256281 045F $a907.2094382 $eDDC23BSB 045F/01 $a907.2 045F/03 $g4382 045F/03 $g43832 045T $a8 lok: 39166251 78 exp: 39166251 78 1 #EPN 201B/01 $005-12-17 $t23:50:17.000 201U/01 $0utf8 203@/01 $0787757128 208@/01 $a11-11-16 $be 209A/01 $a/ $f000 $x00 220C/01 $aTitelaufnehmer: nk 244Z/01 $2Trx $#Prusy Wschodnie i Zachodnie $8--Trx--Ost- und Westpreußen $x01 $939113373X 244Z/01 $#Königsberg Preußen $#Königsberg i. Pr. $#Königsberg Pr. $#Königsberg in Ostpreußen $#Königsberg Ostpreußen $#Königsberg (Pr.) $#Königsberg Pregel $#Stadtgemeinde Königsberg $#Königsbergk $#Kaliningrad $#Karaliánčins $#Krulevec $#Karaláuczuje $#Królewiec $#Karaliaučius $#Regimontanus $#Regiomontium $#Regiomontum $#Regiomontum Borussiae $#Калининград $74031541-1 $8--Tg1--Königsberg $x02 $908508364X 244Z/01 $2Trx $#arhiivid kommuuni $#bendruomenių archyvai $#Archives municipal $#levéltárak községek $#archiwa komunalne $#archívy komunálne $#archivy komunální $8--Trx--Archive$gKommunen $x03 $9391370197 244Z/01 $2Trx $8--Trx--Zeitschriftenaufsatz $x04 $9391384341 245Z/01 $a13.03 $x01 245Z/01 $a04.02 $x02 247C/01 $82080>Marburg/Lahn, Herder-Institut, Forschungsbibliothek, Bibliographieportal $9336309341 lok: 39166251 105 exp: 39166251 105 1 #EPN 201B/01 $030-01-19 $t13:54:52.000 201C/01 $030-01-19 201U/01 $0utf8 203@/01 $01042296049 208@/01 $a13-12-18 $be 209A/01 $a/ $f106 $x00 244Z/01 $aKönigsberg $x01 245Z/01 $a4.01.03. $bArchivwesen Europas / Archivwesen Europas / Einzelne Länder $x01 247C/01 $8->Marburg, Bibliographie zum Archivwesen der Archivschule Marburg $939588196X
| LEADER | 00000caa a22000002c 4500 | ||
|---|---|---|---|
| 001 | 391662511 | ||
| 003 | DE-603 | ||
| 005 | 20210329214556.0 | ||
| 007 | tu | ||
| 008 | 161111s2005 xx |||| | u00||u|ger c | ||
| 035 | |a (DE-599)HEB391662511 | ||
| 040 | |a DE-603 |b ger |c DE-603 |d DE-603 | ||
| 041 | |a ger | ||
| 082 | 0 | 4 | |8 1\u |a 907.2094382 |q DE-101 |2 23/BSB |
| 084 | |a 8 |2 ssgn | ||
| 085 | |8 1\u |b 907.2 | ||
| 085 | |8 1\u |z 2 |s 4382 | ||
| 085 | |8 1\u |z 2 |s 43832 | ||
| 100 | 1 | |a Heckmann, Dieter | |
| 245 | 0 | 0 | |a Wiederherstellung eines verlorenen Archivs - das Beispiel des Stadtarchivs Königsberg in Preußen |
| 264 | 0 | |c 2005 | |
| 773 | 0 | 8 | |i In |t Archivalische Zeitschrift |d Köln : Böhlau, 1876- |x 0003-9497 |g Band 87 (2005), Seite 185-196 |w (DE-603)047256281 |w (DE-600)201051-3 |
| 924 | 0 | |9 2080 |a (DE-603)787757128 |b DE-2080 |c HES |d d |g / | |
| 924 | 0 | |9 - |a (DE-603)1042296049 |b DE- |c HES |d d |g / | |


